Proceedings of a symposium on sorghum and millets for human food : held at the 9th congress of the International Association for Cereal Chemistry in Vienna 11-12th May, 1976 /

Bibliographic Details
Corporate Author: International Association for Cereal Chemistry
Other Authors: Dendy, D. A. V.
Format: Book
Language:English
Published: London : Tropical Products Institute, 1977.
Subjects:

MARC

Tag First Indicator Second Indicator Subfields
LEADER 00000cam a2200000 a 4500
001 in00000098190
005 20150924085657.0
008 820804s1977 enka b 10000 eng
010 |a  81483783  
015 |a GB*** 
020 |a 0859540677 (pbk.) :  |c 93.00 
035 |a (OCoLC)03898649 
035 |9 AAK9556AM 
039 0 |a 2  |b 3  |c 3  |d 3  |e 3 
040 |a DLC  |c DLC  |d TXA  |d UtOrBLW 
041 0 |a eng  |b fre  |b spa 
049 |a TXAM  |c [1673799] 
050 0 0 |a TS2159 S65  |b  P76 
082 0 |a 664/.725  |2 19 
245 0 0 |a Proceedings of a symposium on sorghum and millets for human food :  |b held at the 9th congress of the International Association for Cereal Chemistry in Vienna 11-12th May, 1976 /  |c edited by D.A.V. Dendy. 
264 1 |a London :  |b Tropical Products Institute,  |c 1977. 
300 |a 138 pages :  |b illustrations ;  |c 30 cm. 
336 |a text  |b txt  |2 rdacontent 
337 |a unmediated  |b n  |2 rdamedia 
338 |a volume  |b nc  |2 rdacarrier 
500 |a Cover title: Sorghum and millets for human food. 
500 |a Summaries in French and Spanish. 
504 |a Includes bibliographies. 
650 0 |a Sorghum  |x Processing  |x Congresses. 
650 0 |a Millets  |x Processing  |x Congresses. 
700 1 |a Dendy, D. A. V. 
710 2 |a International Association for Cereal Chemistry. 
740 0 |a Sorghum and millets for human food. 
999 |a MARS 
999 f f |s 192b0ca5-41dc-36d2-88d9-07d9dbe114ee  |i 1eef45e1-533c-38c5-971e-03ada87bc50d  |t 0 
952 f f |p ric  |a Texas A&M University  |b Rellis Campus  |c Joint Library Facility  |d Remote Storage  |t 0  |e TS2159 S65 P76  |h Library of Congress classification  |i unmediated -- volume  |m A14806027439 
998 f f |a TS2159 S65 P76  |t 0  |l Remote Storage